000 00269 a2200121 4500
001 67559
040 _cAnchieta - Pituba
240 1 0 _aLingo macht mint, heft 3
_ldeu / ger
245 1 0 _aLingo macht mint, heft 3
300 _a10
650 4 _aLíngua alemã
942 _cBK
999 _c67559
_d67559